QUIZZES FOR QUIRKY MINDS (Record no. 570737)

MARC details
000 -LEADER
fixed length control field 01240nam a22001817a 4500
008 - FIXED-LENGTH DATA ELEMENTS--GENERAL INFORMATION
fixed length control field 250403b |||||||| |||| 00| 0 eng d
020 ## - INTERNATIONAL STANDARD BOOK NUMBER
ISBN 9789353040529
Paper back/Hardbound pbk
041 ## - LANGUAGE CODE
Language code of text/sound track or separate title eng
082 ## - DEWEY DECIMAL CLASSIFICATION NUMBER
Classification number 032
Item number ASH
100 ## - MAIN ENTRY--AUTHOR NAME
Personal name Ashley, Berty
245 ## - TITLE STATEMENT
Title QUIZZES FOR QUIRKY MINDS
Statement of responsibility, etc / Berty Ashley
260 ## - PUBLICATION, DISTRIBUTION, ETC. (IMPRINT)
Place of publication New Delhi
Name of publisher Rupa Publications India Pvt Ltd.
Year of publication 2018
300 ## - PHYSICAL DESCRIPTION
Number of Pages 206 p.
Dimensions ; 23 cm
520 ## - SUMMARY, ETC.
Summary, etc A quiz book that makes you say: ‘Really? This is so cool! I had no idea!’Have you ever wondered how ‘Bluetooth’ got its name? Or who wrote ‘Twinkle Twinkle LittleStar’? Packed with interesting facts, this book will help you answer almost every random questionin a twinkling!A compendium of the immensely popular ‘Easy Like Sunday Morning Quiz’ published in TheHindu’s Sunday Magazine, along with a whole lot of additional material and personal insights fromthe author make it an informative as well as a fun-read. In the pages of this book you will notonly find out which is the largest animal that lived on earth, but also how to bake a cake in amug and how to make your own musical instrument! To top it all, there are also some hilariousjokes and puns.
650 ## - SUBJECT ADDED ENTRY--TOPICAL TERM
Topical Term Quiz
942 ## - ADDED ENTRY ELEMENTS (KOHA)
Koha item type English Books
Holdings
Withdrawn status Lost status Damaged status Not for loan Home library Current library Shelving location Date acquired Cost, normal purchase price Full call number Accession Number Price effective from Koha item type
        Anna Centenary Library Anna Centenary Library 3RD FLOOR, A WING 28.01.2025 250.00 032 ASH 701561 03.04.2025 English Books
        Anna Centenary Library Anna Centenary Library 3RD FLOOR, A WING 28.01.2025 250.00 032 ASH;1 701562 03.04.2025 English Books

Find us on the map